| 000 | 00515nam a22001577a 4500 | ||
|---|---|---|---|
| 008 | 150522b xxu||||| |||| 00| 0 eng d | ||
| 020 | _a8476716486 | ||
| 082 |
_a730 _bD 542f |
||
| 100 |
_aDias, Florentino _92738 |
||
| 245 |
_aFlorentino Dias _bMuseo de Caceres _cDias, Florentino |
||
| 260 |
_aMadrid _bGraficas Oman _c2001 |
||
| 300 |
_a78 p. _bill. (col) _c16.5x23.5 |
||
| 600 |
_aDias Flores, Florentino _d1954 _xExposiciones _92739 |
||
| 650 |
_xEscultura moderna _xS.20 _zEspaƱa _92740 |
||
| 700 |
_aDias, Florentino _92741 |
||
| 999 |
_c612 _d612 |
||